Curso de diseño de interiores: principios, prácticas y técnicas para el aspirante a diseñador (Registro nro. 2294)
[ vista simple ]
| 000 -Cabecera | |
|---|---|
| Campo de control de longitud fija | 00734aam a2200265 4500 |
| 005 - Fecha y hora de la última transacción | |
| Campo de control | 20240605104629.0 |
| 008 - Elementos de longitud fija--Información general | |
| Campo de control de longitud fija | 150526b xxu||||| |||| 00| 0 spa d |
| 020 ## - International Standard Book Number | |
| Número Internacional Estándar del Libro (ISBN) | 9788495376695 |
| 041 ## - Idioma | |
| Código de idioma | Español |
| 082 ## - Clasificación Decimal Dewey | |
| Número de clasificación | 747 T164c |
| 100 ## - Entrada principal--Autor personal | |
| Nombre personal | Tangaz, Tomris |
| 9 (RLIN) | 19681 |
| 245 ## - Título propiamente dicho | |
| Título | Curso de diseño de interiores: principios, prácticas y técnicas para el aspirante a diseñador |
| 260 ## - Pie de imprenta | |
| Lugar de publicación, distribución, etc. | España |
| 260 ## - Pie de imprenta | |
| Nombre del editor, distribuidor, etc. | Acanto |
| 260 ## - Pie de imprenta | |
| Fecha de publicación, distribución, etc. | 2006 |
| 300 ## - Descripción física | |
| Extensión | 144 páginas |
| 650 ## - Materia general | |
| Temática (materia general) | DECORACIÓN DE INTERIORES |
| 650 ## - Materia general | |
| Temática (materia general) | DESARROLLO DEL CONCEPTO |
| 650 ## - Materia general | |
| Temática (materia general) | REALIZACIÓN DEL DISEÑO |
| 650 ## - Materia general | |
| Temática (materia general) | DISEÑO DE INTERIORES |
| 650 ## - Materia general | |
| Temática (materia general) | PROYECTOS DE DISEÑO |
| 650 ## - Materia general | |
| Temática (materia general) | CONSTRUCCIÓN |
| 942 ## - Punto de acceso adicional KOHA | |
| Tipo de ítem KOHA | Libro |
| Fuente del sistema de clasificación o colocación | Dewey Decimal Classification |
| Signatura completa | Código de barras | Programa Académico | Tipo de ítem |
|---|---|---|---|
| 747 T164c | 15177 | Dirección de Educación Comunitaria y Asistencia Técnica | Libro |